01086 a2200229 45000010006000000050017000060080041000230030015000640400040000790800122001192450153002410200022003942640033004163000018004495050179004670410008006461000022006547000020006767000034006967000027007308560099007574548420260407155727.0260407a2010 arg spa dAR-UNSa-BCEJYS aAR-UNSa-BCEJYSbspacAR-UNSa-BCEJYS a304.4(82)xAspectos generales de las políticas y prácticas sociales y culturales en Argentina (política social)10aEl papel de los muncipios en la inversión pública social en infancia y adolescenciapResultados de una encuesta nacional a municipios argentinos a978-987-1479-29-0 1aBuenos Aires :bCIPPECc2010 a73 p.c23 cm. a1. Caracterización de los gobiernos locales en la Argentina – 2. La descentralización hacia los municipios – 3. Resultados en la encuesta – 4. Reflexiones finales.  aspa1 aOlaviaga, Sofía1 aMaceira, Daniel1 aFernández Arroyo, Nicolás1 aBoix, María Victoria41uhttps://www.biblioeco.unsa.edu.ar/pmb/images/libros/L127116.jpgyImagen de portadaqimage/jpeg